Ideología y Metodología del Diseño (Record no. 11295)

MARC details
000 -CABECERA
campo de control de longitud fija 00627nam a2200229 4500
003 - IDENTIFICADOR DEL NÚMERO DE CONTROL
campo de control OSt
005 - FECHA Y HORA DE LA ÚLTIMA TRANSACCIÓN
campo de control 20260530113846.0
008 - DATOS DE LONGITUD FIJA--INFORMACIÓN GENERAL
campo de control de longitud fija 260418b1979 sp a|||| |||| 00| 0 spa d
020 ## - NÚMERO INTERNACIONAL ESTÁNDAR DEL LIBRO
Número Internacional Estándar del Libro 842520934X
040 ## - FUENTE DE LA CATALOGACIÓN
Centro catalogador/agencia de origen ICI
Lengua de catalogación spa
Centro/agencia transcriptor ICI
050 ## - SIGNATURA TOPOGRÁFICA DE LA BIBLIOTECA DEL CONGRESO
Número de clasificación NK1390
Número de documento/Ítem L56
100 1# - ENTRADA PRINCIPAL--NOMBRE DE PERSONA
Nombre de persona Llovet, Jordi
Fechas asociadas al nombre 1947
9 (RLIN) 30747
245 10 - MENCIÓN DE TÍTULO
Título Ideología y Metodología del Diseño
Mención de responsabilidad, etc. Jordi Llovet
264 #1 - PRODUCCIÓN, PUBLICACIÓN, DISTRIBUCIÓN, FABRICACIÓN Y COPYRIGHT
Nombre del de productor, editor, distribuidor, fabricante Gustavo Gili
Fecha de producción, publicación, distribución, fabricación o copyright 1979
Producción, publicación, distribución, fabricación y copyright Barcelona
300 ## - DESCRIPCIÓN FÍSICA
Extensión 161 páginas
Otras características físicas ilustraciones
336 ## - TIPO DE CONTENIDO
Término de tipo de contenido texto
Fuente rdacontent
337 ## - TIPO DE MEDIO
Nombre/término del tipo de medio sin medio
Fuente rdamedia
338 ## - TIPO DE SOPORTE
Nombre/término del tipo de soporte volumen
Fuente rdacarrier
490 ## - MENCIÓN DE SERIE
Mención de serie GG Diseño
650 #4 - PUNTO DE ACCESO ADICIONAL DE MATERIA--TÉRMINO DE MATERIA
Término de materia o nombre geográfico como elemento de entrada Diseño
9 (RLIN) 2672
942 ## - ELEMENTOS DE PUNTO DE ACCESO ADICIONAL (KOHA)
Fuente del sistema de clasificación o colocación Dewey Decimal Classification
Tipo de ítem Koha

No items available.